|
|
|
|
| LEADER |
00000cam a2200000 7i4500 |
| 001 |
0000041032 |
| 005 |
20151222.0 |
| 008 |
140529 |
| 020 |
|
|
|a 1406239393
|
| 090 |
0 |
0 |
|a JF
|b EDU ENG
|
| 100 |
1 |
|
|a Malam, John
|
| 245 |
1 |
0 |
|a Journey of a book
|c John Malam
|
| 260 |
|
|
|a London :
|b Raintree ,
|c 2013
|
| 500 |
|
|
|a Children ages 7-9 years old (orange)
|
| 650 |
|
0 |
|a Authorships
|x Juvenile literature
|
| 650 |
|
0 |
|a Book industries & trade
|x Juvenile literature
|
| 650 |
|
0 |
|a Books
|x Juvenile literature
|
| 650 |
|
0 |
|a Publishers & publishing & juvenile literature
|
| 999 |
|
|
|a 0001292691
|b Book
|c Children Collection
|e Perbadanan Perpustakaan Awam Johor
|